Không gia đình
Tallennettuna:
| Päätekijä: | |
|---|---|
| Aineistotyyppi: | Kirja |
| Tagit: |
Lisää tagi
Ei tageja, Lisää ensimmäinen tagi!
|
| Thư viện lưu trữ: | Mạng thư viện Đại học Đà Nẵng |
|---|
| LEADER | 00692nam a2200217 4500 | ||
|---|---|---|---|
| 001 | 000004654 | ||
| 003 | 795 | ||
| 005 | 20150812140820.0 | ||
| 008 | 110803s sd | ||
| 100 | 0 | |a Malô, Hécto | |
| 245 | 0 | 0 | |a Không gia đình |c Malô, Hécto |
| 774 | |a Malô, Hécto |b In lần 4 |d H. |d Kim Đồng |d 1982 |g T. 1 |h 304 tr : minh họa |w 799 | ||
| 774 | |a Malô, Hécto |b In lần 5 |d H. |d 1986 |g T. 2 |h 385 tr : minh họa |n Dịch từ nguyên bản tiếng Pháp |w 800 | ||
| OWN | |a LSP | ||
| 999 | |a From the UDN01 | ||
| TYP | |a Monograph | ||
| TYP | |a Printed language | ||
| 980 | |a Mạng thư viện Đại học Đà Nẵng | ||